000 01191nam a2200313 i 4500
003 DO-SdBNP
005 20240313133357.0
007 ta
008 231109b1999 dr ||||| |||| 00| 0 spa d
040 _aDO-SdBNP
_bspa
_cBNPHU
_erda
082 4 _a347.729305
_bP438pr, 1999
_222
100 1 _aPèrez Mèndez, Artagnan,
_d1929-2017
_eautor
_977104
245 1 0 _aProcedimiento civil /
_cArtagnan Pérez Méndez
250 _a9a edición
264 _aSanto Domingo :
_bTaller,
_c1999.
300 _avolumen ;
_c23 cm.
336 _2rdacontent
_atexto
_btxt
337 _2rdamedia
_asin mediación
_bn
338 _2rdacarrier
_avolumen
_bnc
500 _aLa biblioteca posee el tomo 1 volúmen 1
500 _aIncluye referencias bibliográficas y notas al pie de páginas
504 _aBibliografía : p. 355-356
505 0 _av.1--
_tLa acción en justicia--
_tLa organización judicial
_tLa competencia--
_tLa instancia--
_tLa sentencia--
_tLas vias de recursos.
590 _aInventariado, 2023/BT
650 4 _aProcedimiento civil
_zRepública Dominicana
_916575
700 1 _aCury, Jottin,
_910227
_epresentación
910 _aBtavárez/Validado. Control de calidad MFF
942 _2ddc
_cLBS1
999 _c55446
_d55446